000 00488nam a22002177a 4500
003 UA-OsUOA
001 38143
007 ta
008 20060427b un ||||| |||| 00| 0 ukr d
100 _aФоростіна Оксана
090 _a32
_bФ11
942 _cSA
040 _aUA-OsUOA
_bukr
_cUA-OsUOA
_dUA-OsUOA
245 _aІ собі, й людям
300 _a6 с.
955 _a0
041 _aukr
080 _a32
773 0 _w38141
650 7 _a32 Політика
_2UDC
999 _c324311
_d324311